| 000 | 01412nam a22002537a 4500 | ||
|---|---|---|---|
| 005 | 20080924160551.0 | ||
| 008 | 080924t xxu||||| |||| 00| f hin d | ||
| 010 | _aHIN-84161 | ||
| 020 |
_a8186425454 _c95.00 |
||
| 035 | _aHN-56507 | ||
| 037 | _bDBAD / PUB | ||
| 040 |
_aDPL _bHN |
||
| 082 | _aउ | ||
| 100 | _aमिल्यास, खुआन खोसे | ||
| 245 |
_aयह थी तन्हाईः _b(ला सोलेदाद एरा एस्तो का मूल स्पेनी से अनुवाद) / _cखुआन खोसे मिल्यास; विभा मोर्य द्वारा अनुदित |
||
| 260 |
_aनई दिल्ली _bकॉनफ्लुएंस इंटरनेशनल _c2007 |
||
| 270 |
_a203/ई-588,ग्रेटर कैलाश-2 _bनई दिल्ली _e110048 _k911129216832 _mconfiuence@connectgroup.in |
||
| 300 |
_a96पृ _c22सेमी (अजिल्द) |
||
| 650 |
_2स्पेनी कथा साहित्य _xहिन्दी मे. अनुवाद |
||
| 650 |
_2Spanish fiction _xTranslations into Hindi |
||
| 700 | _aमोर्य, विभा | ||
| 942 |
_2ddc _cHN _hउ _mमिल्यास |
||
| 999 |
_c15642 _d15642 |
||